El diseño gráfico en España: historia de una forma comunicativa nueva
Guardat en:
| Autor principal: | |
|---|---|
| Format: | Llibre |
| Idioma: | espanyol |
| Publicat: |
Madrid, España
Alianza
1997
|
| Col·lecció: | Alianza Forma,
142 |
| Matèries: | |
| Etiquetes: |
Afegir etiqueta
Sense etiquetes, Sigues el primer a etiquetar aquest registre!
|
MARC
| LEADER | 00000cam a2200000 a 4500 | ||
|---|---|---|---|
| 001 | UCG8938 | ||
| 003 | CL-VaPUC | ||
| 005 | 20240730145558.0 | ||
| 008 | 120106e19970000SP |||||||||||||||||spa|d | ||
| 999 | |c 346524 |d 346522 | ||
| 020 | |a 8420671428 | ||
| 040 | |c Pontificia Universidad Católica de Valparaíso | ||
| 082 | 0 | 4 | |a 741.6 SAT 1997 |2 21 |
| 100 | 0 | |a Satué, Enric |e author |9 560231 | |
| 245 | 1 | 3 | |a El diseño gráfico en España: |b historia de una forma comunicativa nueva |
| 260 | |a Madrid, España |b Alianza |c 1997 | ||
| 300 | |a 462 páginas | ||
| 490 | 0 | |a Alianza Forma, |v 142 | |
| 583 | |a last modification |c 20120106 11:45:00 |k Rodrigo Vera | ||
| 650 | 0 | |a Diseño gráfico |z ESPAÑA |9 266874 | |
| 650 | 0 | |a Arte publicitario |z ESPAÑA |9 266185 | |
| 650 | 7 | |a COMUNICACION DE MASAS |2 CL-VaPUC |9 334823 |z ESPAÑA | |
| 942 | |c BK |2 ddc | ||
| 945 | |d 20120106 00:00:00 |a dcastane | ||
| 952 | |0 0 |1 0 |2 ddc |4 0 |6 741_600000000000000_SAT_1997 |7 0 |8 A |9 447229 |a BIBARQ |b BIBARQ |d 2019-11-22 |i 4818822 |o 741.6 SAT 1997 |p 4818822 |r 2025-01-20 |t 1 |w 2019-11-22 |y BK |k ARQ | ||